Legislatívne zmeny ovplyvňujúce regionálne školstvo od 1. januára 2022

Legislatívne zmeny, ktoré ovplyvnia regionálne školstvo od 1. januára 2022. Zmeny vyplývajúce zo zákona č. 271/2021 Z.z. sa dotýkajú viacerých právnych predpisov, avšak hlavnou zmenou je vznik regionálneho úradu školskej správy. Zmena nastáva aj v rozpočtovaní finančných prostriedkov na regionálne š...

Descrizione completa

Salvato in:
Dettagli Bibliografici
Autore principale: Černý, Ľuboš
Natura: Capitolo di libro
Lingua:slovacco
Soggetti:
Tags: Aggiungi Tag
Nessun Tag, puoi essere il primo ad aggiungerne!!

MARC

LEADER 00000naa a2200000 4500
001 0278804
005 20210930074037.1
041 0 |a slo 
044 |a SK 
245 1 0 |a Legislatívne zmeny ovplyvňujúce regionálne školstvo od 1. januára 2022  |c Ľuboš Černý 
520 |a Legislatívne zmeny, ktoré ovplyvnia regionálne školstvo od 1. januára 2022. Zmeny vyplývajúce zo zákona č. 271/2021 Z.z. sa dotýkajú viacerých právnych predpisov, avšak hlavnou zmenou je vznik regionálneho úradu školskej správy. Zmena nastáva aj v rozpočtovaní finančných prostriedkov na regionálne školstvo zo štátneho rozpočtu pre školy a školské zariadenia a v toku finančných prostriedkov. 
610 2 0 |a školstvo 
610 2 0 |a školy 
610 2 0 |a zariadenia školské 
610 2 0 |a legislatíva 
610 2 0 |a zákony 
610 2 0 |a financie 
610 2 0 |a rozpočet štátny 
100 1 |a Černý, Ľuboš